Quiz de opción múltiple - Liverpool - Estadísticas

Estadísticas generales
  • Esta prueba ha sido intentada 18 veces
  • La puntuación promedio es 6 de 10
Estadísticas de respuestas
Pregunta Respuesta % Correcto
¿Cuáles de estas bandas de rock vinieron de Liverpool? The Beatles
94%
¿En qué estadio juega el Liverpool FC? Anfield
78%
Liverpool tuvo el/la primer(a)... Conexión ferroviaria comercial con otra ciudad
78%
Contra que equipo ganó la champions league el Liverpool en la temporada 2018-19? Tottenham
78%
¿De quién recibe el nombre el aeropuerto internacional situado aproximadamente a 12 km al sureste de Liverpool? John Lennon
67%
¿Qué río fluye por Liverpool? Mersey
67%
¿Cuál es el emblemático muelle de Liverpool? Albert Dock
61%
¿Cuáles de estos museos de arte se pueden encontrar en Liverpool? Galería de arte Walker
39%
¿Sobre qué calle de Liverpool escribió esa banda una canción? Penny Lane
33%
¿Qué recinto de Liverpool acogió el Festival de la Canción de Eurovisión 2023? M&S Bank Arena
28%
No se encontraron pruebas coincidentes
Distribución de puntuación
Porcentaje de gente con cada puntuación
Porcentaje por número respondido
Historial de tus puntuaciones
No has intentado esta prueba.